Modernity at large : (Record no. 6881)

MARC details
000 -LEADER
fixed length control field 00846cam a2200253 4500
001 - CONTROL NUMBER
control field 7997
005 - DATE AND TIME OF LATEST TRANSACTION
control field 20181127184842.0
008 - FIXED-LENGTH DATA ELEMENTS--GENERAL INFORMATION
fixed length control field 960531s1996 mnu b s001 0 eng
010 ## - LIBRARY OF CONGRESS CONTROL NUMBER
LC control number 96009276
020 ## - INTERNATIONAL STANDARD BOOK NUMBER
International Standard Book Number 0816627924 (acid-free paper)
International Standard Book Number 0816627932 (pbk. : acid-free paper)
082 00 - DEWEY DECIMAL CLASSIFICATION NUMBER
Classification number 306
Edition number 20
100 1# - MAIN ENTRY--PERSONAL NAME
Personal name Appadurai, Arjun,
Dates associated with a name 1949-
245 10 - TITLE STATEMENT
Title Modernity at large :
Remainder of title cultural dimensions of globalization /
Statement of responsibility, etc. Arjun Appadurai.
260 ## - PUBLICATION, DISTRIBUTION, ETC.
Place of publication, distribution, etc. Minneapolis, Minn. :
Name of publisher, distributor, etc. University of Minnesota Press,
Date of publication, distribution, etc. c1996.
300 ## - PHYSICAL DESCRIPTION
Extent xi, 229 p. ;
Dimensions 24 cm.
440 #0 - SERIES STATEMENT/ADDED ENTRY--TITLE
Title Public worlds ;
Volume/sequential designation v. 1
504 ## - BIBLIOGRAPHY, ETC. NOTE
Bibliography, etc. note Includes bibliographical references (p. 205-217) and index.
650 #0 - SUBJECT ADDED ENTRY--TOPICAL TERM
Topical term or geographic name entry element Civilization, Modern
Chronological subdivision 1950-
Topical term or geographic name entry element Culture.
Topical term or geographic name entry element Ethnicity.
Topical term or geographic name entry element Mass media
General subdivision Social aspects.
Holdings
Withdrawn status Lost status Source of classification or shelving scheme Damaged status Not for loan Collection code Home library Current library Shelving location Date acquired Serial Enumeration / chronology Inventory number Total Checkouts Full call number Barcode Date last seen Date last checked out Price effective from Koha item type
    Dewey Decimal Classification     Main TEST RTC Library RTC Library Main opac 29/06/2021 12081 3 306 APP 30012525 12/01/2022 31/08/2021 27/11/2018 Main
Royal Thimphu College || All Right Reserved